00784nam a2200169 a 4500090001600000041000800016110001800024245013400042260005300176300001100229520025300240650002500493650002600518650003200544662002300576999001500599 aIAVHb00663 aspa bFONADE966112 aDiseño e implementación del Sistema de Indicadores de Seguimiento de la Política de Biodiversidad en la Amazonia colombiana aBogotábInstituto Alexander von Humboldtc2002 a569 p. aSe evalúan el cumplimiento de los criterios de simplicidad, validez, disponibilidad, replicabilidad y comparabilidad; y la calidad y de los métodos de obtención de la información. Se formulan algunas recomendaciones de política ambiental. aBiodiversidad992204 aConservación992401 aPolítica ambiental992286 aColombiacAmazonia c6162d6162